পবিত্র কোরআনের সার-সংক্ষেপ / (Record no. 2306)
[ view plain ]
| 000 -LEADER | |
|---|---|
| fixed length control field | 00584nam a2200205 a 4500 |
| 001 - CONTROL NUMBER | |
| JCCL Control Number | 2306 |
| 003 - CONTROL NUMBER IDENTIFIER | |
| JCCL marc code | BD-JhCC |
| 005 - DATE AND TIME OF LATEST TRANSACTION | |
| control field | 20180304103130.0 |
| 008 - FIXED-LENGTH DATA ELEMENTS--GENERAL INFORMATION | |
| fixed length control field | 171101s1980 bg ||||| ||a| 00| 0 en d |
| 035 ## - SYSTEM CONTROL NUMBER | |
| system control number | (BD-JhCC)2306 |
| 040 ## - CATALOGING SOURCE | |
| Original cataloging agency | BD-JhCC |
| Modifying agency | BD-JhCC |
| 041 ## - LANGUAGE CODE | |
| Language code of Book | ben |
| 082 ## - DEWEY DECIMAL CLASSIFICATION NUMBER | |
| Classification number | 297.122531 |
| Author mark and Year | KHA 1980 |
| 100 ## - MAIN ENTRY--PERSONAL NAME | |
| Personal name | খান, মুহিউদ্দিন |
| 245 ## - TITLE STATEMENT | |
| Title | পবিত্র কোরআনের সার-সংক্ষেপ / |
| Statement of responsibility, etc | মুহিউদ্দিন খান |
| 300 ## - PHYSICAL DESCRIPTION | |
| Pagination | 120 p. : |
| Dimensions | 18 cm. |
| 650 ## - SUBJECT ADDED ENTRY--TOPICAL TERM | |
| Topical term or geographic name as entry element | Quran |
| 942 ## - ADDED ENTRY ELEMENTS (KOHA) | |
| Source of classification or shelving scheme | Dewey Decimal Classification |
| Koha item type | Books |
| Source of classification or shelving scheme | Damaged status | Not for loan | Home library | Current library | Shelving location | Date of accession | Cost, normal purchase price | Total Checkouts | Full call number | Barcode | Date last seen | Copy number | Koha item type |
|---|---|---|---|---|---|---|---|---|---|---|---|---|---|
| Dewey Decimal Classification | JCC Rouf Library | JCC Rouf Library | General Stacks | 11/01/2017 | 12.00 | 297.122531 KHA 1980 | 2718 | 11/01/2017 | C-1 | Books |